| 000 | 00890cam a2200217 4500 | ||
|---|---|---|---|
| 001 | WB3723-08 | ||
| 008 | 000000n2001 000 0 eng u | ||
| 035 | _a(Sirsi) u113107 | ||
| 245 | _a'Dire' transport is threat to London property boom | ||
| 260 | _c2001 | ||
| 490 |
_aEvening Standard _v 14 June 2001, 41(1) |
||
| 520 | _aThe London Chamber of Commerce has warned that London's crumbling public transport system could threaten the capital's status as a leading global business location. The LCC's views are available at http://www.londonchamber.co.uk under Voice for London topical issues. | ||
| 590 | _aWB | ||
| 650 | _aLONDON | ||
| 650 | _aTRANSPORT ISSUES | ||
| 650 | _aPROPERTY-COMMERCIAL PROPERTY-OFFICE PROPERTY-OFFICE PROPERTY MARKET | ||
| 650 | _aBUSINESS LOCATIONS | ||
| 650 | _aLONDON CHAMBER OF COMMERCE | ||
| 690 | _aPROPERTY-COMMERCIAL PROPERTY | ||
| 942 | _n0 | ||
| 999 |
_c67336 _d67336 |
||